On This Day: February 8th Quiz Stats

 Plays Quiz Updated Feb 8, 2018

Challenge
Share
Tweet
Embed
Score 0/7 Timer 03:00
1 Play Today
Question Answer Wrong Answers
This author, who wrote ‘Twenty Thousand Leagues Under the Sea’, is born.
1828
Jules Verne
88.3%
Arthur Conan Doyle
2%
Victor Hugo
2.7%
H. G. Wells
6.7%
This controversial film, which became the first American motion picture to be screened inside the White House, premieres in Los Angeles.
1915
The Birth of a Nation
81.8%
Intolerance
1.9%
Metropolis
7.9%
Frankenstein
7.1%
After 18 years of captivity in England, this controversial British monarch is beheaded.
1587
Mary, Queen of Scots
69.7%
Queen Elizabeth
2.1%
Anne Boleyn
23.2%
Catherine of Aragon
4.5%
The third and final crew of NASA's first space station, _____, returns to Earth.
1974
Skylab
63.8%
International Space Station
14.1%
Mir
14.4%
Hermes
5.5%
Opening ceremonies for the XIX Olympic Winter Games begin in this city.
2002
Salt Lake City
58.9%
Nagano
13.1%
Turin
7.3%
Vancouver
18.3%
Richard Johnson becomes the first Vice President of the United States chosen by the United States ______.
1837
Senate
45.9%
House of Representatives
38.1%
Supreme Court
12.2%
Secretary of State
2.8%
Originally an acronym for this, trading on the NASDAQ stock market index begins for the first time.
1971
National Association of Securities Dealers Automated Quotations
41%
National Automated Stock Dealers And Quotations
28.7%
New American Stock and Dividends Awarded Quota
16.8%
Numerically Automated Securities Debts And Quantities
11.7%

You're not logged in!

Compare scores with friends on all Sporcle quizzes.
OR
Log In

You Might Also Like...

Show Comments

Extras

Top Quizzes Today


Score Distribution

Your Account Isn't Verified!

In order to create a playlist on Sporcle, you need to verify the email address you used during registration. Go to your Sporcle Settings to finish the process.

Report this User

Report this user for behavior that violates our Community Guidelines.

Details: